LEADER 01053nam2-22003251i-450- 001 990003019090403321 005 20130517174952.0 035 $a000301909 035 $aFED01000301909 035 $a(Aleph)000301909FED01 035 $a000301909 100 $a20030910d1993----km-y0itay50------ba 101 0 $aita 102 $aIT 200 1 $aBilancia dei pagamenti$eiconti con l'estero dell'Italia, la lira, i problemi dell'Unione monetaria europea$fRainer S. Masera, Salvatore Rossi 210 $aPadova$cCedam$d1993 215 $aXIII, 350 p.$d24 cm 461 0$1001000300275$12001$aTrattato di statistica economica$fdiretto da Antonino Giannone$v10 610 0 $aItalia e Unione monetaria europea 700 1$aMasera,$bRainer$f<1944- >$0109078 701 1$aRossi,$bSalvatore$083265 801 0$aIT$bUNINA$gRICA$2UNIMARC 901 $aBK 912 $a990003019090403321 952 $aO/2.212 MAS$b14480$fSES 952 $aXV M3 306$b226$fDTE 959 $aDTE 959 $aSES 996 $aBilancia dei pagamenti$9467518 997 $aUNINA LEADER 01012nam0-22003131i-450 001 990001750440403321 005 20190423124024.0 010 $a88-7220-028-8 035 $a000175044 035 $aFED01000175044 035 $a(Aleph)000175044FED01 035 $a000175044 100 $a20030910d1991----km-y0itay50------ba 101 0 $aita 200 1 $aAgrinformatica 1991$fIstituto Nazionale di Economia Agraria 210 $aVerona$cL'Informatore agrario$d1991 215 $a169 p.$d28 cm 327 1 $a1.: Guida al software agricolo in commercio 1991$a2.: Guida al software agricolo non commerciale 1991 610 0 $aAgricoltura$aInformatica 676 $a630.2085$v23$zita 712 02$aINEA$9 801 0$aIT$bUNINA$gRICA$2UNIMARC 901 $aBK 912 $a990001750440403321 952 $a60 630.208 AGSW 1991-1$b3299$fFAGBC 952 $a60 630.208 AGSW 1991-2$b3300$fFAGBC 959 $aFAGBC 996 $aAgrinformatica 1991$91550896 997 $aUNINA